000 00926nam a22002177a 4500
003 JO-AjAnu
005 20241019102032.0
008 241019b jo ||||| |||| 00| 0 ara d
040 _cJO-AjAnu
041 _hARA
100 _aسعد الله، أيمن نبيه
_966298
_eمعد ومحرر
245 _aالعمارة والفنون : طاقة المكان كمثير إبداعي للفنان
_c /أيمن نبيه سعد الله
260 _aقطر - كتارا :
_bالمؤسسة العامة للحي الثقافي،
_c2014
300 _a335 صفحة
500 _aيحتوي هذا الكتاب على صور ملونه وجداول
650 _vالعمارة والفنون
700 _aنادية عبد الرحمن المضاحكة
_eمشرف عام
_966300
700 _aهاني أمارة
_eجرافيك
_966301
700 _aأنس محمد رافت
_eمراجع لغوي
_966302
942 _2lcc
_cBK
_n0
999 _c33749
_d33749